Biofertilizer germplasm cllections at IRRI
Đã lưu trong:
| Hovedforfatter: | |
|---|---|
| Format: | Bog |
| Sprog: | Undetermined |
| Udgivet: |
Philippine
IRRI
1992
|
| Fag: | |
| Tags: |
Tilføj Tag
Ingen Tags, Vær først til at tagge denne postø!
|
| Thư viện lưu trữ: | Trung tâm Học liệu Trường Đại học Cần Thơ |
|---|
| LEADER | 00545nam a2200181Ia 4500 | ||
|---|---|---|---|
| 001 | CTU_38941 | ||
| 008 | 210402s9999 xx 000 0 und d | ||
| 082 | |a 668.637 | ||
| 082 | |b W324 | ||
| 100 | |a I Watanabe | ||
| 245 | 0 | |a Biofertilizer germplasm cllections at IRRI | |
| 245 | 0 | |c I Watanabe, C Van Hove IRRI, J K Ladha, P A Roger | |
| 260 | |a Philippine | ||
| 260 | |b IRRI | ||
| 260 | |c 1992 | ||
| 650 | |a biofertilizers,manures,nitrogen - fixing plants | ||
| 904 | |i Liên, 000515 | ||
| 980 | |a Trung tâm Học liệu Trường Đại học Cần Thơ | ||